000 00645nam a2200229Ia 4500
005 20260429112141.0
008 260429s9999||||xx |||||||||||||| ||und||
020 _a9781032330006
041 _aEnglish
082 _a306.483
_bVAC
100 _aVaczi, Mariann
245 0 _aIndigenous, traditional and folk sports :
_bcontesting modernities /
_cMariann Vaczi
250 _a1st ed.
260 _aLondon :
_bRoutledge,
_c2024.
300 _ax, 286 p.; pbk
440 _aRoutledge research in sports, culture and society
650 _a Culture
650 _a Traditional
650 _aSports
700 _a Bairner, Alan
942 _cTB
999 _c52608
_d52608